Statistics for (lvl 1) Countries that have gained/loss territory over time

Click here to take the quiz!

General Stats

  • This quiz has been taken 31 times
  • The average score is 6 of 8

Answer Stats

QuestionAnswer% Correct
UK, gain or loss?Loss
95%
France, gain or loss?Loss
95%
USA, gain or loss?Gain
89%
Russia (after Soviet Dissolution)Loss
84%
ItalyLoss
79%
ChinaGain
63%
Russia (pre-Communist Rev.)Gain
53%
Russia (after-Communist Rev).Gain
47%

Score Distribution

Percentile by Number Answered

Percent of People with Each Score

Your Score History

You have not taken this quiz